| 000 | 00615nam a2200229Ia 4500 | ||
|---|---|---|---|
| 005 | 20260429111838.0 | ||
| 008 | 260429s9999||||xx |||||||||||||| ||und|| | ||
| 020 | _a9789380618715 | ||
| 041 | _aEnglish | ||
| 082 |
_a660.65 _bSHA |
||
| 100 | _aSharon, Madhuri | ||
| 245 | 0 |
_aBio-nanotechnology : _bconcepts and applications / _cMadhuri Sharon |
|
| 250 | _a1st ed. | ||
| 260 |
_aNew Delhi : _bAne Books, _c2024. |
||
| 300 | _axv, 389 p.; hb | ||
| 650 | _a Nanotechnology | ||
| 650 | _aBiotechnology | ||
| 700 | _a Oza, Goldie | ||
| 700 | _a Pandey, Sunil | ||
| 700 | _a Sharon, Maheshwar | ||
| 942 | _cTB | ||
| 999 |
_c51136 _d51136 |
||